| 000 | 02031nam a2200277 i 4500 | ||
|---|---|---|---|
| 003 | DO-SdBNP | ||
| 005 | 20250728100038.0 | ||
| 007 | ta | ||
| 008 | 250717b2024 dr ao||| |||| 00| 0 spa d | ||
| 020 | _a9789945800685 | ||
| 040 |
_aDO-SdBNP _bspa _cBNPHU _erda |
||
| 041 | _aspa | ||
| 082 | 4 |
_axxx _bT693a _222 |
|
| 100 | 1 |
_aTorres Ulloa, Alfonso _eautor _4aut. _958620 |
|
| 245 | 1 | 0 |
_aApuntes históricos sobre Dajabón / _cAlfonso Torres Ulloa ; portada y diseño editorial por Jaime Meléndez Publicidad. |
| 250 | _aPrimera edición | ||
| 264 | 4 |
_aSanto Domingo, República Dominicana : _bCasa de Arte Dajabón, _bJaime Meléndez Publicidad, _c©2024. |
|
| 300 |
_a162 páginas : _bilustraciones, fotografías ; _c23 cm. |
||
| 336 |
_atexto _btxt _2rdacontent |
||
| 337 |
_asin mediación _bn _2rdamedia |
||
| 338 |
_avolumen _bnc _2rdacarrier |
||
| 505 | _aIntroducción 9 -- Capítulo I. Antecedentes y Río Dajabón 13 -- 1.1. Antecedentes 13 -- 1.2. El nombre de Dajabón 17 -- 1.3. Río Dajabón 19 -- Capítulo II. Fundación e historia 25 -- 2.1. Fundación de Dajabón 25 -- 2.2. Historia y desarrollo de Dajabón 77 -- Capítulo III. Educación y desarrollo Dajabón 83 -- 3.1. Tradición de progreso y desarrollo de los dajaboneros 83 -- 3.2. La educación en Dajabón 87 -- 3.3. Papel misiones religiosas en la educación 95 -- 3.3.1. Colegio La Altagracia, 1943 97 -- 3.3.2.Fundación Colegio San Ignacio Loyola 101 -- 3.3.3. Colegio Evangélico Simón Bolívar 107 -- 3.3.4. Escuela José Ramón López 108 -- 3.3.5. La Cámara de Comercio 110 -- 3.3.6. Liceo Manuel Arturo Machado 111 -- 3.3.7. Academia de música 112--Capítulo IV. Provincia Dajabón -- 4.1. Fundación Barrio Mejoramiento Social 121 -- 4.2. Baden o policía acostado 123 -- 4.3. Luz permanente para Dajabón 124 -- 4.4. Presa de Don Miguel 125 -- 4.5. Desagüe de la ciudad, tres canales 128 -- 4.6. Historia del altar votivo de la República 133 -- 4.4. Anexos | ||
| 590 | _aInventariado, 2025 /LP | ||
| 910 | _aLP | ||
| 942 |
_2ddc _cLBS1 |
||
| 999 |
_c58703 _d58703 |
||